Debates sobre masculinidades : poder, desarrollo, políticas públicas y ciudadanía /
Texto sobre la forma en que los hombres en general construyen, mantienen y reproducen su identidad de género, centrada en el ejercicio del poder y en una relación asimétrica con las mujeres. Ello no implica la negación de otras formas de masculinidad, aunque ésas no son estudiadas aquí.
Enregistré dans:
| Auteur principal: | |
|---|---|
| Autres auteurs: | |
| Format: | Livre |
| Langue: | espagnol |
| Publié: |
México :
UNAM, Programa Universitario de Estudios de Género,
2006, c2006
|
| Collection: | (Paidós Contextos ;
83) |
| Sujets: | |
| Tags: |
Pas de tags, Soyez le premier à ajouter un tag!
|
MARC
| LEADER | 00000nam^a2200000^a^4500 | ||
|---|---|---|---|
| 001 | 000298139 | ||
| 005 | 20250521000000.0 | ||
| 009 | 20260310112400.761 | ||
| 020 | |a 970-32-3065-2 | ||
| 037 | |a Acervo ITESO - Biblioteca | ||
| 041 | |a ESP | ||
| 082 | |a 305. 41 |b CAR | ||
| 100 | |a Careaga Pérez, Gloria |e (coord.) | ||
| 245 | 1 | 0 | |a Debates sobre masculinidades : |b poder, desarrollo, políticas públicas y ciudadanía / |c Coord. de G. Careaga Pérez, S. Cruz Sierra. |
| 264 | 4 | |a México : |b UNAM, Programa Universitario de Estudios de Género, |c 2006, c2006 | |
| 300 | |a 447 p. | ||
| 336 | |a texto |b txt |2 rdacontenido | ||
| 337 | |a sin mediación |b n |2 rdamedio | ||
| 338 | |a volumen |b nc |2 rdasoporte | ||
| 440 | 1 | |a (Paidós Contextos ; |v 83) | |
| 520 | |a Texto sobre la forma en que los hombres en general construyen, mantienen y reproducen su identidad de género, centrada en el ejercicio del poder y en una relación asimétrica con las mujeres. Ello no implica la negación de otras formas de masculinidad, aunque ésas no son estudiadas aquí. | ||
| 649 | |a XX | ||
| 650 | |a Hombres - |x Condiciones Sociales y Culturales - |x Tema Principal | ||
| 650 | |a Identidad de Género - |x Tema Principal | ||
| 650 | |a Diferencia y Otredad | ||
| 650 | |a Igualdad y Desigualdad | ||
| 650 | |a Cambios Sociales y Culturales | ||
| 650 | |a Relaciones de Pareja | ||
| 650 | |a Relaciones Intergénero | ||
| 650 | |a Poder (Ciencias Sociales) | ||
| 650 | |a Patriarcado | ||
| 650 | |a Sexualidad | ||
| 650 | |a Género y Lenguaje | ||
| 650 | |a Género | ||
| 650 | |a Política de Género | ||
| 650 | |a Psicología Social | ||
| 650 | |a Sociología | ||
| 700 | |a Cruz Sierra, Salvador |e (coord.) | ||
| 910 | |a Fondo General | ||
| 920 | |a Impresos - Libros | ||
| 930 | |a Colección General | ||
| 905 | |a 101 | ||
| 901 | |a 0500183889 |b IT1 |c ACC |i C122579 |u 20250521 | ||
| 902 | |a https://opac.biblio.iteso.mx/vufind/Record/000298139 | ||